Swamy's compilation of central civil services conduct rules (Record no. 58)

MARC details
000 -LEADER
fixed length control field 00520 a2200193 4500
001 - CONTROL NUMBER
control field 002275
003 - CONTROL NUMBER IDENTIFIER
control field OSt
005 - DATE AND TIME OF LATEST TRANSACTION
control field 20220112153635.0
008 - FIXED-LENGTH DATA ELEMENTS--GENERAL INFORMATION
fixed length control field
082 ## - DEWEY DECIMAL CLASSIFICATION NUMBER
Classification number 351.54
Item number M98C
100 1# - MAIN ENTRY--PERSONAL NAME
Personal name Muthuswamy
245 1# - TITLE STATEMENT
Title Swamy's compilation of central civil services conduct rules
Statement of responsibility, etc by Muthuswamy and Brinda
260 ## - PUBLICATION, DISTRIBUTION, ETC. (IMPRINT)
Place of publication, distribution, etc Chennai
Name of publisher, distributor, etc Swamy Publishers
Date of publication, distribution, etc 2009
300 ## - PHYSICAL DESCRIPTION
Extent 215p.
630 ## - SUBJECT ADDED ENTRY--UNIFORM TITLE
Uniform title Public Administration
653 ## - INDEX TERM--UNCONTROLLED
Uncontrolled term Central Government Rules
700 ## - ADDED ENTRY--PERSONAL NAME
Personal name Brinda
942 ## - ADDED ENTRY ELEMENTS (KOHA)
Source of classification or shelving scheme Dewey Decimal Classification
Koha item type Books
Holdings
Withdrawn status Lost status Source of classification or shelving scheme Damaged status Not for loan Collection code Home library Current library Date acquired Source of acquisition Cost, normal purchase price Full call number Barcode Date last seen Price effective from Koha item type
    Dewey Decimal Classification     General Text Book Central University Of Rajasthan Central University Of Rajasthan 28/09/2010 CLB 240.00 351.54 M98C 2267 21/11/2024 02/09/2020 Books